000
nam a22 7a 4500
999
_c
233625
_d
233625
003
Nust
005
20170309121014.0
008
170309b xxu||||| |||| 00| 0 eng d
040
_c
DLC
082
_a
388.320683 SIN
100
_a
Singh,Santokh
245
_a
Distracted Driving and Driver Roadway and Environmental Factors
942
_2
ddc
_c
BK